000 01135naa a22002897a 4500
001 BR8803002
003 BR-BrBNA
005 20240918180018.0
007 ta
008 230509b bl.||||| |||| 00| 0 por d
040 _aBR-BrBNA
_bpor
_cBiblioteca Nacional de Agricultura
041 _a(Pt)
072 _aQ03
090 _aQ03 BR8803002
100 1 _aGoncalves, N.M.F. de
100 1 _aMello, B.Z. de C.
111 1 _a9. Encontro Nacional de Analistas de Residuos de Pesticidas
_cSao Paulo, SP (Brazil)
_d27-31 May 1985
245 1 _aResiduos de pesticidas organoclorados e organofosforados em hortalicas e racao de animais de laboratorio
260 3 _aSao Paulo, SP (Brasil):
_c1985.
500 _aRelatorio 9. Encontro Nacional de Analistas de Residuos de Pesticidas Sao Paulo, SP (Brasil): 1985. p. 107-117 (BR8803002-AM)Q03
650 _aHORTALICA
650 _aHIGIENE DE ALIMENTO
650 _aPESTICIDA
773 0 _tRelatorio 9. Encontro Nacional de Analistas de Residuos de Pesticidas
_wQ03 BR8803002
_gSao Paulo, SP (Brasil), 1985. p. 107-117
909 _a202404
_bLucia
_c55
_dLucia Elande
942 _cAM
_2AGRIS
999 _c319193
_d319193